Stres jako jev biologický i společenský

Bibliographic Details
Main Author: Charvát, Josef, 1897-1984 (Author)
Format: Article
Language:Czech

MARC

LEADER 00000nab a2200000uu 4500
001 vtls011460865
003 SK-MaSNL
005 20260303151600.0
008 230222|1975 xo |||||||||||||||||cze|
015 |a SNBRB 
035 |a (urnnbn)urn:nbn:sk:snk:ar-a0actp 
035 |a (uuid)2293866f-b4d3-4458-a13c-39b1fc9c7486 
035 |a urn:nbn:sk:snk-abcuo8 
040 |a SNKBUCL  |b slo  |c SNKBUCL  |e AACR2 
041 0 |a cze 
044 |a xo  |c SK 
100 1 |a Charvát, Josef,  |d 1897-1984  |4 aut  |9 109326 
245 1 0 |a Stres jako jev biologický i společenský  |c Josef Charvát 
773 0 |t Životné prostredie : revue pre teóriu a starostlivosť o životné prostredie  |g Roč. 9, č. 5 (1975), s. 229-231 
958 |a OND 
958 |a EUIPO 
958 |a article16 
999 |c 2018477  |d 2020407